00405nam a2200157Ia 4500003000400000008004100004040001600045082001300061100001700074245004300091260004000134300001000174490002600184650001500210650002200225GCL140319s9999 xx 000 0 eng d aGCL / cGCL04a843bG C1 aGALET, HENRI10aLE CROQUONT INDISCRET / cGALET, HENRI a[S.N] : bBERNARD GRASSET ، c1992 a185 P aLES CAHIERS ROUGESv004aLITERATURE04aFRENCH LITERATURE